000 00569cam a2200229ua 4500
020 _c3.00
041 _aeng
_h
082 _a540
_bGOP/CO
100 _aGopalakrishnan, K A .
245 _aConcise chemistry for pre-degree classes, Vol 2 /
_cK A Gopalakrishnan.
_hTextual Documents
250 _a1 /
_b.
260 _a :
_bVinoth publications ,
_c1964.
300 _a281 ; .
365 _a3.00
504 _a
942 _cBK
999 _c10729
_d10729